| 000 | 00686nam a2200205 i 4500 | ||
|---|---|---|---|
| 001 | 113962 | ||
| 003 | ES-MaACL | ||
| 005 | 20251209192506.0 | ||
| 007 | t| | ||
| 008 | 061121s1909 fr r ||||1| fre d | ||
| 100 | 1 |
_aNormandy, Georges. _985997 |
|
| 245 | 1 | 0 |
_aFerrer, l'homme et son oeuvre, la mort _b: Castille contre Catalogne / _cGeorges Normandy, L. Lesueur ; Avant Propos de Alfred Naquet. |
| 260 |
_aParis : _bAlbert Méricant, _c1909. |
||
| 300 |
_a250 p., 7 lám. ; _c19 cm. |
||
| 600 | 1 | 4 |
_aFerrer i Guàrdia, Francesc, _d1859-1909 _9242588 |
| 700 | 1 |
_aLesueur, L. _971869 |
|
| 700 | 1 |
_aNaquet, Alfred. _984918 |
|
| 852 |
_aES-MaACL _jG-13498 |
||
| 999 |
_c113962 _d113962 |
||